00878cam a22002531 4500001001300000003000400013005001700017008004100034010001700075035002000092040005100112042001200163050002100175110004300196245007200239260004800311300001800359490003200377500007300409650003100482700002500513810006900538999001700607w 32000002 DLC20260227112808.0850606s1932 dcu b f000 0 eng c aw 32000002  a(OCoLC)12126511 aWashington, D.C. Public LibrarycCLUdCLUdDLC apremarc00aZ5063b.W32 19321 aDistrict of Columbia.bPublic Library.10aBooks on aeronautics,ba reading list,ccompiled by Olive Chace ... aWashington,bU.S. Govt. Print. Off.,c1932. a59 p.c15 cm.1 aIts Reference list.vno. 27 aAt head of title: The Public library of the District of Columbia ... 0aAeronauticsvBibliography.1 aChace, Olive,ecomp.1 aDistrict of Columbia.bPublic Library.tReference list.vno. 27. c92079d92079